书目信息 |
| 题名: |
柳青创作论
|
|
| 作者: | 徐文斗 , 孔范今 著 | |
| 分册: | ||
| 出版信息: | 西安 陕西人民出版社 1983 |
|
| 页数: | 438页 | |
| 开本: | 21cm | |
| 丛书名: | 中国现代作家研究丛书 | |
| 单 册: | ||
| 中图分类: | I206.7 , I05 | |
| 科图分类: | ||
| 主题词: | 文学理论--各体 , 创作方法--各体 | |
| 电子资源: | ||
| ISBN: | ||
| 000 | 00770oam2 2200289 450 | |
| 001 | 1532239144 | |
| 005 | 20150122085742.50 | |
| 010 | @dCNY1.35 | |
| 091 | @a10094.412 | |
| 100 | @a19950608d1983 kmey0chiy0110 ea | |
| 101 | 0 | @achi |
| 102 | @aCN@b610000 | |
| 105 | @ay z 000yy | |
| 200 | 1 | @a柳青创作论@9liu qing chuang zuo lun@f徐文斗,孔范今著 |
| 210 | @a西安@c陕西人民出版社@d1983 | |
| 215 | @a438页@d21cm | |
| 225 | 2 | @a中国现代作家研究丛书 |
| 461 | 0 | @12001 @a中国现代作家研究丛书 |
| 600 | 0 | @a柳青@x文学评论 |
| 606 | 0 | @a文学理论@x各体 |
| 606 | 0 | @a创作方法@x各体 |
| 690 | @aI206.7@v5 | |
| 690 | @aI05@v4 | |
| 701 | 0 | @a徐文斗@9xu wen dou@4著 |
| 701 | 0 | @a孔范今@9kong fan jin@4著 |
| 801 | 0 | @aCN@bTSSF@c20150122 |
| 905 | @aZUCC@dI05@eJY25 | |
| 柳青创作论/徐文斗,孔范今著.-西安:陕西人民出版社,1983 |
| 438页;21cm.-(中国现代作家研究丛书) |
| ISBN :CNY1.35 |
| ● |
| 相关链接 |
|
|
|
|
正题名:柳青创作论
索取号:I05/JY25
 
预约/预借
| 序号 | 登录号 | 条形码 | 馆藏地/架位号 | 状态 | 备注 |
| 1 | 7855779 | 278557795 | 学院路分馆/ [索取号:I05/JY25] | 在馆 |